|
|
|
|
| LEADER |
00000cam a2200000 7i4500 |
| 001 |
0000008100 |
| 002 |
000008838 |
| 005 |
20000330.0 |
| 020 |
|
|
|a 0201422743
|
| 090 |
0 |
0 |
|a 004.66
|b HAM
|
| 100 |
1 |
|
|a Handel, Rainer
|
| 245 |
1 |
0 |
|a Atm networks :
|b consept,protocols,applications
|c Rainer Handel,Manfred N.Huber and Stefan Schroder
|
| 250 |
|
|
|a 2nd ed
|
| 260 |
|
|
|a Wokingham,England :
|b Addsion-Wesley Publishing Co. ,
|c 1994
|
| 300 |
|
|
|a 287 p. ;
|c 25 cm.
|
| 650 |
0 |
0 |
|a Integrated services digital networks
|
| 700 |
1 |
|
|a Huber, Manfred N
|
| 700 |
1 |
|
|a Schroder, Stefan
|
| 999 |
|
|
|a 044338
|b BUKU
|c PINJAMAN
|e PERPUSTAKAAN KOMUNITI PETALING JAYA
|